Statistiques concernant Les leaders mondiaux et leurs pays - 1985

Cliquez ici pour prendre le quiz!

Statistiques générales

  • Ce quiz a été pris 119 fois
    (80 depuis la dernière actualisation)
  • Le résultat moyen est 17 sur 30

Statistiques - réponses

PaysLeader ce de pays% Correct
FranceFrancois Mitterrand
98%
Augusto PinochetChili
89%
États-UnisRonald Reagan
89%
Royaume-Uni (PM)Margaret Thatcher
86%
Union SovietiqueMikhail Gorbachev
86%
Ayatollah Ali KhameneiIran
83%
VaticanJean-Paul II
79%
IrakSaddam Hussein
79%
Hosni MoubarakEgypte
78%
Corée du NordKim Il-Sung
75%
Roi Hassan IIMaroc
70%
Roi BaudouinBelgique
68%
LibyeMouammar Kadhafi
65%
Allemagne de l'Ouest
(chancelier )
Helmut Kohl
63%
Mobutu Sese SekoZaire
63%
Felipe GonzálezEspagne
57%
SuhartoIndonesie
54%
Zail SinghInde
51%
P.W.BothaAfrique du sud
48%
Daniel OrtegaNicaragua
48%
ChineDeng Xiaoping
46%
Monaco (Monarch)Rainier III
44%
Vigdis FinnbogadottirIslande
40%
Thomas SankaraBurkina Faso
38%
Allemagne de l'EstErich Honecker
32%
J.W.JayewardeneSri Lanka
30%
Julius NyerereTanzanie
24%
Israël (PM)Shimon Peres
22%
PhilippinesFerdinand Marcos
21%
Canada (PM)Brian Mulroney
11%

Distribution des résultats

Percentile par nombre de réponses

% des personnes avec chaque résultat

Votre développement - résultats

Vous n’avez pas pris ce quiz depuis la dernière actualisation